000 01413nam0a2200361 i 4500
001 RU\NLR\BIBL_A\011100427
005 20260405204944.0
010 _a9785913131409
_9500
021 _aRU
_b2016-23253
_91470
035 _a(NILC)RuMoRGB-008257191
035 _a(NLR Aleph) 011100427
090 _a11417119
_c11417119
100 _a20160412d2016 u y0rusy50 ca
101 1 _arus
_ceng
102 _aRU
105 _aa|||z|||000yy
200 1 _aПрогрессии
_eновая полная система
_e[перевод с английского]
_fР.К. Дэвисон
205 _a[4-е изд.]
210 _aМосква
_cМир Урании
_d2016
215 _a322 с.
_cил.
_d21
225 1 _aАнтология Урании
_v30
300 _aЗагл. и авт. ориг.: The technique of prediction / R.C. Davison
454 0 _12001#$aThe technique of prediction$fR.C. Davison
_1700#1$aDavison$bR.C.$f1914-$gRonald C.$3RU\NLR\AUTH\7792240
_tThe technique of prediction
_aDavison, Ronald C. (1914-)
606 _aАстрология
_91178522
_3RU\NLR\AUTH\66156241
675 _a13
686 2 _aЭ391.211
700 1 _8rus
_7ca
_aДэвисон
_bР. К.
_f1914-
_gРональд К.
_3RU\NLR\auth\7792239
_975166
801 0 _aRU
_bРГБ
_c20160325
_gRCR
942 _cBOOK
980 _aNBR